logo

Bir Sreshtho Munshi Abdur Rouf Library
Jhenaidah Cadet College

মার্কিন রাষ্ট্রমন্ডল / (Record no. 9184)

MARC details
000 -LEADER
fixed length control field 00662nam a22002177a 4500
001 - CONTROL NUMBER
JCCL Control Number 9184
003 - CONTROL NUMBER IDENTIFIER
JCCL marc code OSt
005 - DATE AND TIME OF LATEST TRANSACTION
control field 20180310175250.0
008 - FIXED-LENGTH DATA ELEMENTS--GENERAL INFORMATION
fixed length control field 180310b1967 bg ||||| |||| 00| 0 ben d
035 ## - SYSTEM CONTROL NUMBER
system control number (BD-JhCC)9184
040 ## - CATALOGING SOURCE
Original cataloging agency BD-JhCC
Modifying agency BD-JhCC
041 ## - LANGUAGE CODE
Language code of Book ben
082 ## - DEWEY DECIMAL CLASSIFICATION NUMBER
Classification number 342.79
Author mark and Year BRA 1967
100 ## - MAIN ENTRY--PERSONAL NAME
Personal name ব্রাইস, জেমস
245 ## - TITLE STATEMENT
Title মার্কিন রাষ্ট্রমন্ডল /
Statement of responsibility, etc জেমস ব্রাইস
260 ## - PUBLICATION, DISTRIBUTION, ETC. (IMPRINT)
Place of publication, distribution, etc ঢাকা:
Name of publisher, distributor, etc খোশরোজ কিতাব মহল
Date of publication, distribution, etc 1967.
300 ## - PHYSICAL DESCRIPTION
Pagination 345 p. :
Dimensions 22 cm.
650 ## - SUBJECT ADDED ENTRY--TOPICAL TERM
Topical term or geographic name as entry element Politice and goverment
Geographic subdivision United States
942 ## - ADDED ENTRY ELEMENTS (KOHA)
Source of classification or shelving scheme Dewey Decimal Classification
Koha item type Books
Holdings
Source of classification or shelving scheme Damaged status Not for loan Home library Current library Shelving location Date of accession Cost, normal purchase price Total Checkouts Full call number Barcode Date last seen Copy number Koha item type
Dewey Decimal Classification     JCC Rouf Library JCC Rouf Library General Stacks 03/10/2018 5.00   342.79 BRA 1967 12292 03/10/2018 C-1 Books

JCC Library | Contacts | JCC Home

Last Update on 23 September 2017
Copyright @ 2017-2020 JCC Rouf Library
Rouf Library, Jhenidah Cadet College (JCC), Bangladesh